Understanding Canadian Business: Study Guide for Use With, (Record no. 5182)

MARC details
005 - DATE AND TIME OF LATEST TRANSACTION
control field 20250626060855.0
020 ## - INTERNATIONAL STANDARD BOOK NUMBER
International Standard Book Number 0-256-10801-3
082 ## - DEWEY DECIMAL CLASSIFICATION NUMBER
Classification number 658UND
111 ## - MAIN ENTRY--MEETING NAME
Meeting name or jurisdiction name as entry element Understanding Canadian Business: Study Guide for Use With,
245 ## - TITLE STATEMENT
Title Understanding Canadian Business: Study Guide for Use With,
260 ## - PUBLICATION, DISTRIBUTION, ETC.
Name of publisher, distributor, etc. Ray E. Klapstein
Date of publication, distribution, etc. 1994
300 ## - PHYSICAL DESCRIPTION
Extent iii, 309,: ill.; figure
Dimensions 27cm
700 ## - ADDED ENTRY--PERSONAL NAME
Other authors/Editors NICKELS, W. G.
942 ## - ADDED ENTRY ELEMENTS (KOHA)
Source of classification or shelving scheme Dewey Decimal Classification
Koha item type Books
Holdings
Date last seen Total checkouts Full call number Barcode Cost, replacement price Price effective from Koha item type Lost status Source of classification or shelving scheme Damaged status Not for loan Withdrawn status Home library Current library Shelving location Date acquired Cost, normal purchase price
06/26/2025   658UND DOM0002316 60000.00 06/26/2025 Books   Dewey Decimal Classification       CBE Dodoma CBE Dodoma General Collection 04/26/1996 30000.00
06/26/2025   658UND DOM0002050 60000.00 06/26/2025 Books   Dewey Decimal Classification       CBE Dodoma CBE Dodoma General Collection 04/26/1996 30000.00
06/28/2025   658GRI DOM0002240 600000.00 06/28/2025 Books   Dewey Decimal Classification       CBE Dodoma CBE Dodoma General Collection 04/26/1994 30000.00